000 00845nam a2200217 i 4500
001 171580
003 ES-MaACL
005 20250831072602.0
008 090521s1980 sp |||| | spa d
020 _a84-220-0940-4
100 0 _aGarcía-Villoslada, Ricardo.
_955414
245 1 0 _aHistoria de la Iglesia Católica.
_nT. IV,
_pEdad Moderna : La época del absolutismo monárquico (1648-1814) /
_cpor Ricardo García Villoslada y Juan María Laboa.
260 _aMadrid :
_bLa Editorial Católica,
_c1980.
300 _aXIV, 654 p., 1 h. ;
_c20 cm.
490 1 _aBiblioteca de autores cristianos ;
_v411
650 0 7 _aHistoria eclesiástica
_2embne
_913400
700 0 _aLaboa, Juan María.
_969241
830 0 0 _aBiblioteca de autores cristianos
_v411
_9178679
852 _aES-MaACL
_jJ-402
_9R.46092
999 _c171580
_d171580